Millénaire de Caen (14) - Statistiques

Statistiques générales
  • Ce quiz a été pris 51 fois
  • Le résultat moyen est 10 sur 15
Statistiques - réponses
Question Réponse % Correct
Quel fleuve traverse la ville de Caen ? L’Orne
98%
Qui est considéré comme le fondateur de la ville de Caen ? Guillaume le Conquérant
93%
Comment surnomme-t-on parfois les habitants de Caen ? Les Caennais
93%
Pourquoi le Château de Caen est-il impressionnant ? C'est l'un des plus vastes châteaux fortifiés d’Europe
91%
Quel monument emblématique abrite la tombe de Guillaume le Conquérant ? L’Abbaye aux Hommes
91%
Quelle guerre a particulièrement marqué la ville en 1944 ? La Seconde Guerre mondiale
91%
Quel célèbre prix Nobel de la paix a étudié à Caen ? René Cassin
89%
Quelle est la spécialité culinaire emblématique de Caen ? Les tripes à la mode de Caen
87%
Quelle université a été fondée à Caen en 1432 Université de Caen Normandie
70%
Quelle est la grande place du centre-ville de Caen ? Place de la République
67%
Quelle est la particularité de la bibliothèque Alexis de Tocqueville ? Elle est construite en forme de croix de Saint-André
63%
Quel célèbre écrivain normand a étudié au lycée Malherbe de Caen ? Michel Onfray
37%
Quelle est la devise de la ville de Caen ? "Ni trop tôt, ni trop tard"
28%
Pourquoi Guillaume le Conquérant a-t-il fait construire une abbaye à Caen ? Pour se faire pardonner son mariage avec sa cousine
28%
Quel est le surnom du tramway de Caen avant sa rénovation ? Le TVR (Tramway Vraiment Rigolo)
15%
Aucun quiz correspondant
Distribution des résultats
% des personnes avec chaque résultat
Percentile par nombre de réponses
Votre historique - résultats
Vous n’avez pas pris ce quiz